| 000 | 01410 am a2200337 a 4500 | ||
|---|---|---|---|
| 005 | 20240521101657.0 | ||
| 008 | 100405s2007||||sp ||||f |||| 001 0 spa d | ||
| 020 | _a9788445816738 | ||
| 041 | _aspa | ||
| 092 |
_c617.96 _l28 _sGAV |
||
| 100 | 1 |
_aGavrin, Jonathan R. _eEd. _9332 |
|
| 245 |
_aClínicas Anestesiológicas de Norteamérica. _nVol.24 Cuidados Paliativos / _cJonatham R. Gavrin. |
||
| 250 |
_a1a ed. _bRevisión Joan Manel Campos |
||
| 260 |
_aBarcelona: _bElservier ; Masson ; Saunders; _c2006. |
||
| 300 | _a234 p. | ||
| 500 | _aGavrin, J. y Fleisxher, L. A. (Eds.). (2007). Clínicas Anestesiológicas de Norteamérica. Vol.24 Cuidados Paliativos. (1a ed.). Barcelona : Elsevier : Masson. | ||
| 590 | _aDonación editorial Elsevier, 2007 | ||
| 653 | _aValoración de los cuidados paliativos | ||
| 653 | _aTratamiento del dolor | ||
| 653 | _aManejo de los sintomas no dolorosos | ||
| 653 | _aAspectos psicológicos de los cuidados paliativos | ||
| 653 | _aMedicina complementaria y alternativa | ||
| 653 | _aRadioterapia alternativa en oncología | ||
| 653 | _aCuiadados paliativos y pediatria | ||
| 653 | _aAspectos éticos en cuidados paliativos | ||
| 653 | _aCentros de cuidados paliativos: asistencia integral en la fase terminal | ||
| 653 | _aDuelo: el constante compañero de la enfermedad | ||
| 700 | 1 |
_aFleisxher, Lee A. _eEd. _9333 |
|
| 930 | _a1883 | ||
| 942 |
_2ddc _cBK |
||
| 999 |
_c211 _d211 |
||